Central Library OPAC University of Rajshahi

Plasma physics and controlled nuclear fusion research / (Record no. 9605)

MARC details
000 -LEADER
fixed length control field 01122cas a2200301 a 4500
001 - CONTROL NUMBER
control field 9605
003 - CONTROL NUMBER IDENTIFIER
rucl marc code BD-RjUL
005 - DATE AND TIME OF LATEST TRANSACTION
control field 20211208234815.0
008 - FIXED-LENGTH DATA ELEMENTS--GENERAL INFORMATION
fixed length control field 140121s1975 au x 1 a0eng c
030 ## - CODEN DESIGNATION
CODEN PPCRDU
035 ## - SYSTEM CONTROL NUMBER
System control number (BD-RjUL)9650
-- (OCoLC)ocm06030343
040 ## - CATALOGING SOURCE
Original cataloging agency TxLT
Transcribing agency TxLT
Modifying agency OCoLC
-- DLC
-- OCoLC
-- DLC
-- NSDP
-- NST
-- MiU
-- OCoLC
-- CoU
-- BD-RjUL
Language of cataloging eng
041 0# - LANGUAGE CODE
Language code of text/sound track or separate title engfrerusspa
082 04 - DEWEY DECIMAL CLASSIFICATION NUMBER
Edition number 20
Classification number 539.76
Author mark and year FIP 1975
111 2# - MAIN ENTRY--MEETING NAME
Meeting name or jurisdiction name as entry element Conference on Plasma Physics and Controlled Nuclear Fusion Research.
9 (RLIN) 36010
245 10 - TITLE STATEMENT
Title Plasma physics and controlled nuclear fusion research /
Statement of responsibility, etc. Conference on Plasma Physics and Controlled Nuclear Fusion Research.
260 ## - PUBLICATION, DISTRIBUTION, ETC. (IMPRINT)
Place of publication, distribution, etc. Vienna :
Name of publisher, distributor, etc. International Atomic Energy Agency,
Date of publication, distribution, etc. 1975.
300 ## - PHYSICAL DESCRIPTION
Pagination 186 p. :
Illustrations ill. ;
Size 30 cm.
490 1# - SERIES STATEMENT
Series statement 1961: Supplement / Nuclear Fusion
Series statement 1965: Proceedings series
650 #0 - SUBJECT ADDED ENTRY--TOPICAL TERM
Topical term or geographic name as entry element Plasma (Ionized gases)
Form subdivision Congresses.
9 (RLIN) 28377
Topical term or geographic name as entry element Controlled fusion
Form subdivision Congresses.
9 (RLIN) 28378
710 2# - ADDED ENTRY--CORPORATE NAME
Corporate name or jurisdiction name as entry element International Atomic Energy Agency.
9 (RLIN) 20640
942 ## - ADDED ENTRY ELEMENTS (KOHA)
Source of classification or shelving scheme Dewey Decimal Classification
Koha item type Books
Holdings
Lost status Source of classification or shelving scheme Damaged status Not for loan Collection code Permanent Location Current Location Shelving location Date acquired Source of acquisition Total Checkouts Full call number Date last seen Copy number Koha item type
  Dewey Decimal Classification     Non-fiction Central Library, University of Rajshahi Central Library, University of Rajshahi Reading Room 08/12/1977 International Atomic Energy Agency   539.76 FIP 1975 21/01/2014 C-1 Books